Unifikace právní úpravy mezinárodního obchodu mimo rámec RVHP

Salvato in:
Dettagli Bibliografici
Autore principale: Kopáč, Ludvik
Natura: Libro
Lingua:ceco
Pubblicazione: Praha Československá obchodní a průmyslová komora 1986
Tags: Aggiungi Tag
Nessun Tag, puoi essere il primo ad aggiungerne!!

MARC

LEADER 00000nam a2200000 4500
001 c039339
005 20250515083326.1
041 0 |a cze 
044 |a CZ 
245 1 0 |a Unifikace právní úpravy mezinárodního obchodu mimo rámec RVHP  |c Ludvik Kopáč 
264 1 |a Praha  |b Československá obchodní a průmyslová komora  |c 1986 
300 |a 129 s. 
100 1 |a Kopáč, Ludvik